Franny and Zooey
Novela corta de ficción, se desarrolla en la localidad de Manhattan y gira en torno a dos relatos, el primero enfocado en Franny Glass, una joven alumna de una escuela de arte muy prestigiosa, que verá cómo su vida cambiará por el hostil ambiente en el que se tiene que desenvolver día a día. El segu...
Gardado en:
| Autor Principal: | |
|---|---|
| Formato: | Libro |
| Idioma: | English |
| Publicado: |
New York, Estados Unidos
Bantam
1964
|
| Materias: | |
| Etiquetas: |
Engadir etiqueta
Sen Etiquetas, Sexa o primeiro en etiquetar este rexistro!
|
MARC
| LEADER | 00000nam a2200000Ia 4500 | ||
|---|---|---|---|
| 008 | 170316s9999 xx 000 0 eng d | ||
| 040 | |a cru BVZT | ||
| 090 | |a 810 S-3f | ||
| 100 | |a Salinger, J.D. |9 560 | ||
| 245 | |a Franny and Zooey |c / Jerome David Salinger | ||
| 260 | |a New York, Estados Unidos | ||
| 260 | |b Bantam | ||
| 260 | |c 1964 | ||
| 300 | |a 202 páginas | ||
| 520 | |a Novela corta de ficción, se desarrolla en la localidad de Manhattan y gira en torno a dos relatos, el primero enfocado en Franny Glass, una joven alumna de una escuela de arte muy prestigiosa, que verá cómo su vida cambiará por el hostil ambiente en el que se tiene que desenvolver día a día. El segundo relato, trata sobre el hermano de Franny llamado Zooey, quien es un joven superdotado con problemas para controlar su carácter, conforme avanza la historia se verá forzado a controlarlo, y ayudar a Franny a combatir una fuerte depresión que está acabando poco a poco con su vida. La obra escrita en 1961 por Jerome David Salinger, trata temas filosóficos así como psicológicos. | ||
| 650 | |a LITERATURA ESTADOUNIDENSE |9 25 | ||
| 650 | |a NOVELA |9 13 | ||
| 650 | |a EN IDIOMA INGLÉS |9 129 | ||
| 999 | |c 6136 |d 6136 | ||
| 942 | |c 15 D |h 810 S-3f |2 z | ||
